Logiques construites par une méthode de déduction naturelle /
Guardado en:
| Autor Principal: | |
|---|---|
| Formato: | Libro |
| Idioma: | French |
| Publicado: |
Louvain :
E. Nauwelaerts,
1962.
|
| Series: | Collection de logique mathématique. Série B ;
3 |
| Etiquetas: |
Agregar Etiqueta
Sin Etiquetas, Sea el primero en etiquetar este registro!
|
| LEADER | 00574nam a22001695a 4500 | ||
|---|---|---|---|
| 001 | MAT.inmabb001494 | ||
| 008 | 031124s1962####be############000#0#fre#d | ||
| 005 | 20170816152946.0 | ||
| 245 | 1 | 0 | |a Logiques construites par une méthode de déduction naturelle / |c par J. Dopp. |
| 260 | |a Louvain : |b E. Nauwelaerts, |c 1962. | ||
| 300 | |a 191 p. ; |c 25 cm. | ||
| 440 | 0 | |a Collection de logique mathématique. |p Série B ; |v 3 | |
| 500 | |a Errata et corrigenda en hoja insertada. | ||
| 510 | 4 | |a MR, |c 26 #1243 | |
| 100 | 1 | |a Dopp, J. | |
| 084 | |a 03-XX |2 msc2000 | ||
| 859 | |h 03 |i D692 |p A-1822 |b BIB. MATEMATICA | ||
